000 00309nam a22001337a 4500
008 190304b xxu||||| |||| 00| 0 eng d
020 _a2801881528526
041 _aeng
080 _211th
_a615.83
100 _a7
101 _aEGZ
245 _aHistory and Physical Examination
_cChan,P.D
942 _2udc
_cBK
999 _c54429
_d54429